000 00390nam a2200169Ia 4500
003 IT-RoPAU
005 20220918175443.0
008 120407s9999 xx 000 0 und d
040 _aIT-RoPAU
040 _cIT-RoPAU
245 _aAttività della Santa Sede 1965, 1973, 1980, 1986, 1987
245 _cAA.VV.
260 _aVaticana
300 _c cm
490 _v5
942 _cBK
_2ddc
999 _c12460
_d12460